00321nam a22001217a 450000500170000000800410001702000180005810000160007624500270009225000110011926000420013030000270017220260323121938.0260323b |||||||| |||| 00| 0 eng d a9780435670146 aAbbott A. F aPhysicsc/A. F. Abbott a5th ed aOxford;bHeinemann Educational;c1989 axxii, 600p.ill; c24cm